Beriman kepada Allah
| Main Author: | |
|---|---|
| Format: | Book |
| Published: |
Kuala Lumpur :
GG Edar ,
1992
|
| Subjects: |
MARC
| LEADER | 00000cam a2200000 7i4500 | ||
|---|---|---|---|
| 001 | 0000004502 | ||
| 002 | 000004851 | ||
| 005 | 20000330.0 | ||
| 020 | |a T000000371 | ||
| 090 | 0 | 0 | |a 297.211 |b ABD |
| 100 | 1 | |a Abdul Hadi Awang |f Haji | |
| 245 | 1 | 0 | |a Beriman kepada Allah |c Haji Abd.Hadi Awang |
| 260 | |a Kuala Lumpur : |b GG Edar , |c 1992 | ||
| 300 | |a 223p. ; |c 22cm. | ||
| 650 | 0 | 0 | |a God (Islam) |
| 999 | |a 034577 |b BUKU |c PINJAMAN |e PERPUSTAKAAN KOMUNITI PETALING JAYA | ||
| 999 | |a 034578 |b BUKU |c PINJAMAN |e PERPUSTAKAAN KOMUNITI PETALING JAYA | ||